000 01021nam a2200277Ia 4500
003 OSt
005 20220930080044.0
006 a|||||r|||| 00| 0
007 ta
008 220926b |||||||| |||| 00| 0 eng d
024 _a85039
037 _cTheses
040 _aCRL
_cCRL
_beng
041 _2eng
_aeng
100 _aUma G.
_9537968
110 _aUniversity of Delhi. Faculty of Inter-disciplinary and Applied Sciences. Department of Genetics
_9524242
245 0 _aTransgenic indica rice with antiviral constructs of Tungro viruses and characterization of RTBV transgenics for resistance
260 _aDelhi
_bUniversity of Delhi India
_c2005
300 _a150p.
_ap.
_ccm.
650 _aGENETICS
700 _a Dr. I. Dasgupta Gu.
_9537969
700 _a Dr. M. V. Rajam Gu.
_9532275
700 _aUniversity of Delhi. Faculty of Inter-disciplinary and Applied Sciences. Department of Genetics
_9524243
942 _cDIS
_2CC
999 _c869213
_d869213